<?xml version="1.0" encoding="UTF-8"?>
<collection xmlns="http://www.loc.gov/MARC21/slim">
  <record>
    <leader>00000nam  2200000   4500</leader>
    <controlfield tag="001">INLIS00000000000061</controlfield>
    <controlfield tag="005">20260702043538</controlfield>
    <datafield tag="020" ind1="#" ind2="#">
      <subfield code="a">978-623-473-106-4</subfield>
    </datafield>
    <datafield tag="082" ind1="#" ind2="#">
      <subfield code="a">959.802</subfield>
    </datafield>
    <datafield tag="100" ind1="1" ind2="#">
      <subfield code="a">Falah Adityani Putri, Panji Futuh Rahman</subfield>
    </datafield>
    <datafield tag="245" ind1="1" ind2=" ">
      <subfield code="a">Meneladani Semangat Belajar Para Pahlawan Pergerakan Nasional /</subfield>
      <subfield code="c">Falah Adityani Putri, Panji Futuh Rahman</subfield>
    </datafield>
    <datafield tag="300" ind1="#" ind2="#">
      <subfield code="a">70 hlm ; 13x19 cm</subfield>
    </datafield>
  </record>
</collection>
